00369nam a22001097a 4500020000800000040001600008082001300024100001500037245010600052260006200158300003900220 qPB. cFizza Ishaq a882bEUR aEuripides, aEuripides III: Hecuba, Andromache, The Trojan Women, Ion (The Complete Greek Tragedies) /cEuripides. aNew York :bPublisher University of Chicago Press,c1958. a254 p. ;c5.25 x 0.5 x 8.25 inches